Psicoanálisis y Arte

Tallennettuna:
Bibliografiset tiedot
Päätekijä: Kris, Ernst (Tekijä)
Aineistotyyppi: Kirja
Kieli:espanja
Julkaistu: Buenos Aires Paidós 1955
Sarja:Biblioteca de Psicología Profunda, 6
Aiheet:
Tagit: Lisää tagi
Ei tageja, Lisää ensimmäinen tagi!

MARC

LEADER 00000nam a2200000 a 4500
001 UCG5047
003 CL-VaPUC
008 101230e19550000AG |||||||||||||||||spa|d
082 0 4 |a 701  |b KRI  |2 21 
100 |a Kris, Ernst  |e author  |9 573094 
245 1 0 |a Psicoanálisis y Arte 
300 |a 367 p 
942 |c BK 
945 |d 20101230 00:00:00  |a dcastane 
260 |a Buenos Aires  |b Paidós  |c 1955 
650 0 |a Filosofía del arte  |9 264951 
650 0 |a Estética   |9 264950 
650 7 |a PSICOANALISIS DEL ARTE  |2 CL-VaPUC  |9 554584 
583 |a last modification  |c 20101230 00:00:00  |k Rodrigo Vera 
490 0 |a Biblioteca de Psicología Profunda, 6 
999 |c 343620  |d 343618 
952 |0 0  |1 0  |4 0  |6 701_000000000000000_KRI_1955  |7 0  |8 P  |9 441057  |a BIBEDU  |b BIBEDU  |c BIBEDU_PB  |d 2019-11-22  |i 4740157  |o 701 KRI 1955  |p 4740157  |r 2024-01-25  |w 2019-11-22  |y BK  |k FIL